Pays d'Europe sans les Voyelles - Statistiques

Statistiques générales
  • Ce quiz a été pris 95 fois
  • Le résultat moyen est 40 sur 45
Statistiques - réponses
Pays Réponse % Correct
Fnlnd Finlande
100%
Blgr Bulgarie
96%
Dnmrk Danemark
96%
Grc Grèce
96%
Ksv Kosovo
96%
Mntngr Monténégro
96%
Nrvg Norvège
96%
Srb Serbie
96%
Blgq Belgique
95%
Bsn-Hrzgvn Bosnie-Herzégovine
95%
Mcdn d Nrd Macédoine du Nord
95%
Mldv Moldavie
95%
Plgn Pologne
95%
Snt-Mrn Saint-Marin
95%
Sss Suisse
95%
Blrss Biélorussie
94%
Frnc France
94%
Hngr Hongrie
94%
Lttn Lettonie
94%
Ps-Bs Pays-Bas
94%
Slvn Slovénie
94%
Spgn Espagne
93%
Lchtnstn Liechtenstein
93%
Lxmbrg Luxembourg
93%
Prtgl Portugal
93%
Rmn Roumanie
93%
Rss Russie
93%
Slvq Slovaquie
93%
Vtcn Vatican
93%
Mnc Monaco
90%
Tchq Tchéquie
90%
Sd Suède
89%
Llmgn Allemagne
88%
Mlt Malte
88%
Crt Croatie
86%
Ltn Lituanie
85%
Rlnd Irlande
83%
Slnd Islande
79%
Ndrr Andorre
75%
Stn Estonie
74%
Lbn Albanie
73%
Trch Autriche
72%
Rm-N Royaume-Uni
70%
Krn Ukraine
70%
Tl Italie
69%
Aucun quiz correspondant
Distribution des résultats
% des personnes avec chaque résultat
Percentile par nombre de réponses
Votre historique - résultats
Vous n’avez pas pris ce quiz